<?xml version="1.0" encoding="UTF-8"?>
<record
    xmlns:xsi="http://www.w3.org/2001/XMLSchema-instance"
    xsi:schemaLocation="http://www.loc.gov/MARC21/slim http://www.loc.gov/standards/marcxml/schema/MARC21slim.xsd"
    xmlns="http://www.loc.gov/MARC21/slim">

  <leader>01783cab a2200313Ia 45 0</leader>
  <controlfield tag="001">u187816</controlfield>
  <controlfield tag="003">SIRSI</controlfield>
  <controlfield tag="008">101215s2006    ua     ss b   0     eng d</controlfield>
  <datafield tag="040" ind1=" " ind2=" ">
    <subfield code="a">EAL</subfield>
  </datafield>
  <datafield tag="041" ind1=" " ind2=" ">
    <subfield code="a">eng</subfield>
    <subfield code="b">ara</subfield>
  </datafield>
  <datafield tag="090" ind1=" " ind2=" ">
    <subfield code="a">ART MUJAS V31 NO8 22</subfield>
  </datafield>
  <datafield tag="100" ind1="1" ind2=" ">
    <subfield code="a">Fathi Salem,S.</subfield>
  </datafield>
  <datafield tag="245" ind1="1" ind2="0">
    <subfield code="a">Biological control of two bacterial diseases attacking tomato plants by two different antagonistic micro-organisms</subfield>
    <subfield code="h">[electronic resource].</subfield>
  </datafield>
  <datafield tag="246" ind1="1" ind2="5">
    <subfield code="a">&#x627;&#x644;&#x645;&#x642;&#x627;&#x648;&#x645;&#x629; &#x627;&#x644;&#x62D;&#x64A;&#x648;&#x64A;&#x629; &#x644;&#x623;&#x62B;&#x646;&#x64A;&#x646; &#x645;&#x646; &#x627;&#x644;&#x623;&#x645;&#x631;&#x627;&#x636; &#x627;&#x644;&#x628;&#x643;&#x62A;&#x64A;&#x631;&#x64A;&#x629; &#x627;&#x644;&#x62A;&#x649; &#x62A;&#x635;&#x64A;&#x628; &#x646;&#x628;&#x627;&#x62A;&#x627;&#x62A; &#x627;&#x644;&#x637;&#x645;&#x627;&#x637;&#x645; &#x628;&#x648;&#x627;&#x633;&#x637;&#x629; &#x643;&#x627;&#x626;&#x646;&#x64A;&#x646; &#x645;&#x646; &#x627;&#x644;&#x643;&#x627;&#x626;&#x646;&#x627;&#x62A; &#x627;&#x644;&#x645;&#x636;&#x627;&#x62F;&#x629;.</subfield>
  </datafield>
  <datafield tag="300" ind1=" " ind2=" ">
    <subfield code="a">p.5103- 5114</subfield>
  </datafield>
  <datafield tag="504" ind1=" " ind2=" ">
    <subfield code="a">Includes references.</subfield>
  </datafield>
  <datafield tag="520" ind1=" " ind2=" ">
    <subfield code="a">A considerable bacterial and fungal populations are lived on the aerial surfaces of tomato plants even at the age of 8 weeks.Two epiphytic bacterial strains and two epiphytic yeast ones proved to be highly antagonistic against the tomato pathogens (Pseudomonas syringae pv. tomato and Xanthomonas campestris pv. Vesicatoria)in vitro studies. One of the most antagonistic bacterial strains belongs to the genus Bacillu sand the other one belongs to the genus Pseudomonas.The two most antagonistic yeast strains taxonomically belong to the genera Aureobasidium and Cryptococcus.</subfield>
  </datafield>
  <datafield tag="546" ind1=" " ind2=" ">
    <subfield code="a">Summary in Arabic.</subfield>
  </datafield>
  <datafield tag="650" ind1=" " ind2="0">
    <subfield code="a">Tomatoes.</subfield>
  </datafield>
  <datafield tag="650" ind1=" " ind2="0">
    <subfield code="a">Pests </subfield>
    <subfield code="x"> Biological control.</subfield>
  </datafield>
  <datafield tag="650" ind1=" " ind2="0">
    <subfield code="a">Biological pest control agents.</subfield>
  </datafield>
  <datafield tag="650" ind1=" " ind2="0">
    <subfield code="a">Bacterial diseases.</subfield>
  </datafield>
  <datafield tag="650" ind1=" " ind2="0">
    <subfield code="a">Microorganisms.</subfield>
  </datafield>
  <datafield tag="650" ind1=" " ind2="0">
    <subfield code="a">Antagonistic fungi.</subfield>
  </datafield>
  <datafield tag="700" ind1="1" ind2=" ">
    <subfield code="a">Dobolyi,E</subfield>
  </datafield>
  <datafield tag="773" ind1="0" ind2=" ">
    <subfield code="t">Mansoura Unviersity Journal of Agricultural Sciences. </subfield>
    <subfield code="g">2006.v.31(8)</subfield>
    <subfield code="x">1110-0346</subfield>
    <subfield code="7">nnas</subfield>
    <subfield code="w">u182197</subfield>
  </datafield>
  <datafield tag="856" ind1="4" ind2="0">
    <subfield code="u">http://nile.enal.sci.eg/EALE/2006/MUJAS/3106/8/5103.pdf</subfield>
    <subfield code="z">Full text Article.</subfield>
  </datafield>
  <datafield tag="596" ind1=" " ind2=" ">
    <subfield code="a">1</subfield>
  </datafield>
  <datafield tag="942" ind1=" " ind2=" ">
    <subfield code="c">AR</subfield>
    <subfield code="2">lcc</subfield>
  </datafield>
  <datafield tag="999" ind1=" " ind2=" ">
    <subfield code="c">42742</subfield>
    <subfield code="d">42742</subfield>
  </datafield>
</record>
